000 00345nam a2200145Ia 4500
008 230718s9999 xx 000 0 und d
041 _aEng.
082 _a344.012
_bAND-C
100 _aAndrews G.C, Peter
245 0 _aCatastrophic injuries
260 _aPakistan
_bSweet and men well
_c1987
300 _a245
650 _aLaw
999 _c26740
_d26740